Countries with Big Lakes - Statistics

General Stats
  • This quiz has been taken 184 times
  • The average score is 18 of 24
Answer Stats
# Country % Correct
14  Canada
100%
6 Russia
99%
7  United States
98%
2  China
92%
1  Finland
89%
2  Kazakhstan
86%
2  Kenya
83%
3  Tanzania
82%
2  Uganda
82%
1  Sweden
81%
3 DR Congo
80%
1  Uzbekistan
75%
1  Malawi
73%
1  Peru
72%
1  Ethiopia
71%
1  Bolivia
68%
2  Iran
67%
1  Kyrgyzstan
62%
1  Mozambique
61%
2  Turkmenistan
57%
2  Zambia
57%
1  Burundi
54%
1  Nicaragua
53%
1  Azerbaijan
52%
No matching quizzes found
Score Distribution
Percent of People with Each Score
Percentile by Number Answered
Your Score History
You have not taken this quiz